Scenáristika animovaného filmu ; Minimum z historie české animace /

Main Author: Dutka, Edgar, 1941-
Corporate Author: Akademie múzických umění v Praze. Katedra animované tvorby
Other Authors: Akademie múzických umění v Praze. Katedra scénáristiky a dramaturgie
Language: Czech
Published: V Praze : Akademie múzických umění, 2006
Edition: 2., rozš. vyd.
Subjects:
Online Access: Digitalizovaný dokument
Physical Description: 137 s., [4] s. barev. obr. příl. : il. ; 21 cm
Book
Saved in:
LEADER 02216nam a2200529 a 4500
001 nkc20061695756
003 CZ PrNK
005 20070126114220.0
007 ta
008 061101s2006 xr af e p 000 0 cze
015 |a cnb001695756 
020 |a 80-7331-069-4  |q (brož.) 
035 |a (OCoLC)85722338 
040 |a BOA001  |b cze  |d ABA001 
043 |a e-xr--- 
072 7 |a 791  |x Film. Cirkus. Lidová zábava  |2 Konspekt  |9 3 
072 7 |a 37.016  |x Učební osnovy. Vyučovací předměty. Učebnice  |2 Konspekt  |9 22 
080 |a 791.228  |2 MRF 
080 |a 791.632  |2 MRF 
080 |a (437.3)  |2 MRF 
080 |a (075.8)  |2 MRF 
100 1 |a Dutka, Edgar,  |d 1941-  |7 jk01023445  |4 aut 
245 1 0 |a Scenáristika animovaného filmu ;  |b Minimum z historie české animace /  |c Edgar Dutka 
250 |a 2., rozš. vyd. 
260 |a V Praze :  |b Akademie múzických umění,  |c 2006 
300 |a 137 s., [4] s. barev. obr. příl. :  |b il. ;  |c 21 cm 
504 |a Obsahuje bibliografii 
550 |a Vydavatel: Akademie múzických umění v Praze, Filmová a televizní fakulta, katedra animované tvorby, katedra scénáristiky 
650 0 7 |a animovaný film  |7 ph118469  |2 czenas 
650 0 7 |a filmová scenáristika  |7 ph120187  |2 czenas 
650 0 7 |a animovaný film  |7 ph118469  |z Česko  |2 czenas 
650 0 7 |a animovaný film  |7 ph118469  |x dějiny  |2 czenas 
650 0 9 |a animated film  |2 eczenas 
650 0 9 |a motion picture authorship  |2 eczenas 
650 0 9 |a animated film  |z Czechia  |2 eczenas 
650 0 9 |a animated film  |x history  |2 eczenas 
655 7 |a učebnice vysokých škol  |7 fd133772  |2 czenas 
655 9 |a textbooks (higher)  |2 eczenas 
710 2 |a Akademie múzických umění v Praze.  |b Katedra animované tvorby  |7 mzk2004216594 
710 2 |a Akademie múzických umění v Praze.  |b Katedra scénáristiky a dramaturgie  |7 olak2006353447 
740 0 2 |a Minimum z historie české animace 
856 4 1 |u http://www.digitalniknihovna.cz/mzk/uuid/uuid:5d2d4180-5df0-11e6-8336-005056827e52  |y Digitalizovaný dokument  |x NDK 
910 2 |a BOA001  |b 2-1176.486 
990 |a BK 
995 |a 01 
991 |b 200611  |c NOV 
996 6 |b 2610293568  |c 2-1176.486  |l MZK  |r Sklad / do 1 hodiny  |n 7  |p p.v.  |w 000831233  |u 000010  |a 1  |e BOA001  |j MZK50  |s P